00000000cam 2200000zi 4500
0019.954906
003CaOODSP
00520260216075953
006m     o  d f      
007cr cn|||||||||
008250908t20252025onca    o    f000 0 fre d
020 |a9780660788258
040 |aCaOODSP|bfre|erda|cCaOODSP
043 |an-cn---
0861 |aH149-36/2025F-PDF
24500|aComment le vapotage est réglementé et pourquoi c'est important : |bcomment le gouvernement fédéral réglement les produits de vapotage.
24610|aComment le gouvernement fédéral réglement les produits de vapotage
264 1|a[Ottawa] : |bSanté Canada = Health Canada, |c[2025]
264 4|c©2025
300 |a1 ressource en ligne (6 pages) : |billustrations
336 |atexte|btxt|2rdacontent/fre
337 |ainformatique|bc|2rdamedia/fre
338 |aressource en ligne|bcr|2rdacarrier/fre
500 |aTitre de départ.
500 |aPublié aussi en anglais sous le titre : How vaping is regulated and why it matters : how the federal government regulates vaping products.
520 |a« En raison de la présence croissante des produits de vapotage sur le marché canadien et en réponse au rapport de 2015 du Comité permanent de la santé de la Chambre des communes intitulé « Vapotage : vers l'établissement d'un cadre réglementaire sur les cigarettes électroniques », un cadre juridique pour la réglementation des produits de vapotage a été mis en Ĺ“uvre en 2018, afin de protéger les jeunes de la dépendance à la nicotine et de l'usage du tabac, tout en permettant aux adultes d'accéder aux produits de vapotage en tant qu'option de rechange moins nocive que les produits de tabac » -- Page [1].
530 |aÉgalement publié en version imprimée.
650 6|aVapotage|xDroit|zCanada.
650 6|aProduits du tabac|xDroit|zCanada.
7101 |aCanada. |bSanté Canada, |eorganisme de publication.
77508|tHow vaping is regulated and why it matters : |w(CaOODSP)9.954902
7760#|tRéglementation des produits de vapotage.|w(CaOODSP)9.954908
85640|qPDF|s316 Ko|uhttps://publications.gc.ca/collections/collection_2026/sc-hc/H149-36-2025-fra.pdf
986 |a250221